000 03051nam0a2200505 4500
001 RU\NLR\BIBL_A\011714942
005 20180628163157.0
021 _aRU
_bКН-П-18-029804
_9КН-П-18-2174
029 1 0 _aRU
_b58082-2018
_cГОСТ Р
029 1 0 _aRU
_b24730-62:2013
_cИСО/МЭК
035 _a(NLR Aleph) 011714942
035 _a(RuMoRGB)009608587
090 _a11452576
_c11452576
100 _a20180529d2018 k y0rusy50 ca
101 0 _arus
102 _aRU
105 _aa l 000|y
200 1 _aИнформационные технологии
_iСистемы позиционирования в реальном времени (RTLS)
_hч. 62
_iСверхширокополосный радиоинтерфейс с высокой частотой повторения импульсов
_dInformation technology. Real time locating systems (RTLS). Part 62. High rate pulse repetition frequency Ultra Wide Band (UWB) air interface
_zeng
_eГОСТ Р 58082-2018
_eИСО/МЭК 24730-62:2013
_fподготовлен РТЛС исследования и разработки
205 _aИзд. офиц.
210 _aМосква
_cСтандартинформ
_d2018
215 _aIV, 59 c.
_cил.
_d29
225 1 _aНациональный стандарт Российской Федерации
_fФедеральное агентство по техническому регулированию и метрологии
239 _aВвед. 01.01.2019
320 _aБиблиогр.: с. 57-58 (19 назв.)
510 1 _aInformation technology
_zeng
510 1 _aReal time locating systems (RTLS)
_zeng
510 1 _aHigh rate pulse repetition frequency Ultra Wide Band (UWB) air interface
_zeng
517 1 _aГОСТ Р 58082-2018
517 1 _aИСО/МЭК 24730-62:2013
606 1 _aRTLS, система позиционирования в режиме реального времени
_jСтандарты
_xИнтерфейсы
_92344881
_3RU\NLR\AUTH\6601624657
610 0 _aсистемы позиционирования в реальном времени
610 0 _aсверхширокополосный радиоинтерфейс с высокой частотой повторения импульсов
610 0 _aинформационные технологии
675 _a621.398(083.744):006.89
686 _a35.040
_v2000
_2ОКС
686 _aП85
_2классификатор
686 1 _aЗ95я861
712 0 1 _4725
_aРоссийская Федерация
_bФедеральное агентство по техническому регулированию и метрологии
_9630205
_3RU\NLR\AUTH\8810064304
712 0 2 _4900
_a"РТЛС исследования и разработки", общество с ограниченной ответственностью
_cМосква
_9608326
_3RU\NLR\AUTH\880473352
942 _cBOOK
980 _aNBR
980 _aNB